[Event "GER-ch47 sf06 email"]
[Site "GER email"]
[Date "2015.04.11"]
[Round "?"]
[White "Even, Roland"]
[Black "Zeh, Karl Heinz"]
[Result "1-0"]
[WhiteElo "2207"]
[BlackElo "1986"]
[PlyCount "83"]
[EventDate "2015.??.??"]
[EventType "tourn (corr)"]
[EventRounds "8"]
[EventCountry "GER"]
[SourceTitle "Corr 2020"]
[Source "ChessBase"]
[SourceDate "2019.09.30"]
[SourceVersion "1"]
[SourceVersionDate "2019.09.30"]
[SourceQuality "1"]

1. e4 c5 2. Nf3 Nc6 3. c3 Nf6 4. e5 Nd5 5. Bc4 Nb6 6. Bb3 d5 7. exd6 Qxd6 8. 0-0 c4 9. Bc2 Bg4 10. Re1 Ne5 11. Rxe5 Bxf3 12. Qe1 Bd5 13. b3 Qc6 14. Na3 e6 15. bxc4 Nxc4 16. Nxc4 Bxc4 17. d3 Ba6 18. Ra5 Bc5 19. d4 Bd6 20. d5 Qb6 21. Ra4 e5 22. Be3 Qc7 23. Rxa6 bxa6 24. Ba4+ Kf8 25. Bc6 Rb8 26. c4 e4 27. h3 Qe7 28. Rd1 f6 29. Qa5 Bc7 30. Qd2 Bd6 31. Qd4 Qf7 32. c5 Be5 33. Qxe4 g5 34. d6 Qg6 35. Qa4 Rb1 36. Bc1 Ra1 37. d7 Kg7 38. Bf3 Qf7 39. c6 Bc7 40. Qd4 Qxa2 41. h4 h6 42. Bh5 1-0

[Event "GER-ch47 sf06 email"]
[Site "GER email"]
[Date "2015.04.11"]
[Round "?"]
[White "Zeh, Karl Heinz"]
[Black "Fritsche, Frank"]
[Result "0-1"]
[WhiteElo "1986"]
[BlackElo "2172"]
[PlyCount "66"]
[EventDate "2015.??.??"]
[EventType "tourn (corr)"]
[EventRounds "8"]
[EventCountry "GER"]
[SourceTitle "Corr 2020"]
[Source "ChessBase"]
[SourceDate "2019.09.30"]
[SourceVersion "1"]
[SourceVersionDate "2019.09.30"]
[SourceQuality "1"]

1. Nf3 Nf6 2. c4 d6 3. d4 g6 4. Nc3 Bg7 5. e4 0-0 6. Be2 e5 7. 0-0 Nc6 8. d5 Ne7 9. Ne1 Nd7 10. Be3 f5 11. f3 f4 12. Bf2 g5 13. b4 Nf6 14. c5 Ng6 15. Nd3 h5 16. Rc1 g4 17. Kh1 g3 18. hxg3 fxg3 19. Bxg3 h4 20. Bf2 Nh5 21. Qe1 Rf7 22. Rc2 Ngf4 23. c6 b6 24. Nxf4 exf4 25. Bxh4 Bf6 26. Bxf6 Qxf6 27. Kg1 Ng3 28. Qd2 a5 29. b5 Rg7 30. Bc4 Qh4 31. e5 Bf5 32. Rb2 Re8 33. e6 Ree7 0-1

[Event "GER-ch47 sf06 email"]
[Site "GER email"]
[Date "2015.04.11"]
[Round "?"]
[White "Zeh, Karl Heinz"]
[Black "Seelig, Juergen"]
[Result "1/2-1/2"]
[WhiteElo "1986"]
[BlackElo "2134"]
[PlyCount "106"]
[EventDate "2015.??.??"]
[EventType "tourn (corr)"]
[EventRounds "8"]
[EventCountry "GER"]
[SourceTitle "Corr 2020"]
[Source "ChessBase"]
[SourceDate "2019.09.30"]
[SourceVersion "1"]
[SourceVersionDate "2019.09.30"]
[SourceQuality "1"]

1. Nf3 Nf6 2. c4 e6 3. Nc3 c5 4. g3 b6 5. Bg2 Bb7 6. 0-0 Be7 7. d4 cxd4 8. Qxd4 d6 9. Rd1 a6 10. Bg5 Nbd7 11. Qd2 0-0 12. Bf4 Ne8 13. Rac1 Rc8 14. b3 Qc7 15. h4 Ndf6 16. Bh3 Rd8 17. Qe3 Rb8 18. Nd4 Bd8 19. Qd3 Be7 20. Bg5 h6 21. Be3 Nd7 22. Qd2 Ba8 23. f3 Ne5 24. Bf2 Nf6 25. e4 Rfe8 26. Qe2 Bf8 27. Be3 h5 28. Bg5 Nfd7 29. Kh2 Nc5 30. b4 Ncd7 31. f4 Ng4+ 32. Bxg4 hxg4 33. h5 Rbc8 34. Qxg4 Qxc4 35. h6 g6 36. a3 a5 37. bxa5 bxa5 38. Kh3 Rc5 39. f5 exf5 40. exf5 Bb7 41. fxg6 fxg6 42. Ne4 Qf7 43. Rf1 Rxc1 44. Rxf7 Rh1+ 45. Kg2 Rxe4 46. Qf3 Bd5 47. Kxh1 Rxd4 48. Rxd7 Bxf3+ 49. Kg1 Bxh6 50. Bxh6 Rd3 51. Rg7+ Kh8 52. Rxg6 d5 53. Bf8 Be4 1/2-1/2

[Event "GER ML-391 email"]
[Site "GER email"]
[Date "2014.??.??"]
[Round "?"]
[White "Hahn, Werner"]
[Black "Zeh, Karl Heinz"]
[Result "1/2-1/2"]
[WhiteElo "1970"]
[BlackElo "1970"]
[PlyCount "62"]
[EventDate "2014.??.??"]
[EventType "tourn (corr)"]
[EventRounds "6"]
[EventCountry "GER"]
[SourceTitle "Corr 2015"]
[Source "ChessBase"]
[SourceDate "2015.07.17"]
[SourceVersion "1"]
[SourceVersionDate "2015.07.17"]
[SourceQuality "1"]

1. e4 c5 2. Nf3 Nc6 3. Nc3 e5 4. Bc4 d6 5. 0-0 Be7 6. d3 Nf6 7. Be3 0-0 8. Nd5 Nxd5 9. Bxd5 Be6 10. c3 Qd7 11. a3 Bxd5 12. exd5 Nd8 13. b4 b6 14. Qb3 Rc8 15. bxc5 bxc5 16. Qc4 f5 17. Rab1 f4 18. Bd2 Rf7 19. h3 g5 20. Nh2 h5 21. Rb2 Rg7 22. Rfb1 g4 23. hxg4 hxg4 24. g3 Qf5 25. Qe4 Qh5 26. gxf4 Bh4 27. Nf1 g3 28. fxg3 Bxg3 29. Be3 Rb8 30. Rxb8 Bh4+ 31. Kh1 Bg3+ 1/2-1/2

[Event "GER ML-387 email"]
[Site "GER email"]
[Date "2013.??.??"]
[Round "?"]
[White "Ax, Paul"]
[Black "Zeh, Karl Heinz"]
[Result "1-0"]
[WhiteElo "2060"]
[BlackElo "1977"]
[PlyCount "67"]
[EventDate "2013.??.??"]
[EventType "tourn (corr)"]
[EventRounds "6"]
[EventCountry "GER"]
[SourceTitle "Corr 2015"]
[Source "ChessBase"]
[SourceDate "2015.07.17"]
[SourceVersion "1"]
[SourceVersionDate "2015.07.17"]
[SourceQuality "1"]

1. d4 d5 2. c4 c6 3. Nf3 Nf6 4. Nc3 a6 5. c5 Nbd7 6. Bf4 Nh5 7. Bd2 g6 8. e4 dxe4 9. Nxe4 Bg7 10. Bc4 0-0 11. 0-0 Ndf6 12. Nxf6+ Nxf6 13. Qb3 a5 14. a4 Nd5 15. Rfe1 Ra7 16. Ne5 Be6 17. h3 Bf6 18. Bh6 Re8 19. Rad1 Qc8 20. Qg3 Bf5 21. Rd2 Qd8 22. h4 Bh8 23. h5 e6 24. Bb3 Bf6 25. hxg6 Bxg6 26. Rd3 Bxe5 27. dxe5 Qe7 28. Rc1 Raa8 29. Bg5 Qf8 30. Rd4 h6 31. Bf6 h5 32. Bxd5 cxd5 33. Qe3 Kh7 34. Rh4 1-0

[Event "GER ML-387 email"]
[Site "GER email"]
[Date "2013.??.??"]
[Round "?"]
[White "Zeh, Karl Heinz"]
[Black "Goldbecker, Kurt Juergen"]
[Result "1-0"]
[WhiteElo "2033"]
[BlackElo "1987"]
[PlyCount "89"]
[EventDate "2013.??.??"]
[EventType "tourn (corr)"]
[EventRounds "6"]
[EventCountry "GER"]
[SourceTitle "Corr 2015"]
[Source "ChessBase"]
[SourceDate "2015.07.17"]
[SourceVersion "1"]
[SourceVersionDate "2015.07.17"]
[SourceQuality "1"]

1. Nf3 Nf6 2. c4 g6 3. Nc3 Bg7 4. e4 d6 5. d4 0-0 6. Be2 e5 7. 0-0 Nc6 8. d5 Ne7 9. Ne1 Nd7 10. Be3 f5 11. f3 f4 12. Bf2 a5 13. a3 g5 14. b4 Nf6 15. c5 axb4 16. axb4 Rxa1 17. Qxa1 g4 18. Qa5 Bd7 19. Nd3 gxf3 20. Bxf3 Ng4 21. Qa7 Nxf2 22. Rxf2 Bc8 23. Nb5 Ng6 24. Qa5 dxc5 25. bxc5 c6 26. Qxd8 Rxd8 27. Nd6 cxd5 28. exd5 e4 29. Bxe4 Bd4 30. Nxc8 Rxc8 31. d6 Ra8 32. Kf1 Ra1+ 33. Ke2 Ra2+ 34. Kd1 Ra1+ 35. Kc2 Bxf2 36. Nxf2 Ne5 37. Nd3 Ra2+ 38. Kb3 Nxd3 39. Bxd3 Ra1 40. Kc4 Kf7 41. Bxh7 Kf6 42. Kb5 Ra2 43. Kb6 Rxg2 44. Be4 Rg8 45. Kxb7 1-0

[Event "GER ML-383 email"]
[Site "GER email"]
[Date "2012.??.??"]
[Round "?"]
[White "Blittkowsky, Ralf"]
[Black "Zeh, Karl Heinz"]
[Result "1/2-1/2"]
[WhiteElo "1907"]
[BlackElo "2033"]
[PlyCount "45"]
[EventDate "2012.??.??"]
[EventType "tourn (corr)"]
[EventRounds "6"]
[EventCountry "GER"]
[SourceTitle "Corr 2015"]
[Source "ChessBase"]
[SourceDate "2015.07.17"]
[SourceVersion "1"]
[SourceVersionDate "2015.07.17"]
[SourceQuality "1"]

1. d4 d5 2. c4 c6 3. e3 Nf6 4. Nc3 a6 5. a4 e6 6. Nf3 c5 7. Be2 Nc6 8. 0-0 Be7 9. b3 0-0 10. Bb2 cxd4 11. exd4 Qc7 12. Re1 Rd8 13. Rc1 dxc4 14. bxc4 Nxd4 15. Nxd4 Nd5 16. cxd5 Qb6 17. Bf3 Qxb2 18. Rb1 Qxc3 19. h3 Qa5 20. Rxb7 Re8 21. Rb2 h6 22. Qc1 Kh7 23. Qc2+ 1/2-1/2

[Event "GER ML-381 email"]
[Site "GER email"]
[Date "2012.??.??"]
[Round "?"]
[White "Bruening, Ralf"]
[Black "Zeh, Karl Heinz"]
[Result "1/2-1/2"]
[WhiteElo "1976"]
[BlackElo "2003"]
[PlyCount "69"]
[EventDate "2012.??.??"]
[EventType "tourn (corr)"]
[EventRounds "6"]
[EventCountry "GER"]
[SourceTitle "Corr 2015"]
[Source "ChessBase"]
[SourceDate "2015.07.17"]
[SourceVersion "1"]
[SourceVersionDate "2015.07.17"]
[SourceQuality "1"]

1. e4 c5 2. Nf3 Nc6 3. d4 cxd4 4. Nxd4 Nf6 5. Nc3 e5 6. Ndb5 d6 7. Bg5 a6 8. Na3 b5 9. Nd5 Be7 10. Bxf6 Bxf6 11. c3 Ne7 12. Nxf6+ gxf6 13. Bd3 Rg8 14. g3 d5 15. 0-0 Bg4 16. Qc2 f5 17. exf5 f6 18. Qd2 Qd7 19. Nc2 Nxf5 20. a4 bxa4 21. Ne3 Nh4 22. Qc2 Nf3+ 23. Kh1 e4 24. Be2 Kf7 25. Rfd1 Rg5 26. Qxa4 Qxa4 27. Rxa4 Nxh2 28. Nxg4 Nxg4 29. Bxg4 Rxg4 30. Rxd5 Rb8 31. b4 e3 32. Rd7+ Kg6 33. Rd3 e2 34. Re3 Rc4 35. Ra3 1/2-1/2

[Event "GER ML-383 email"]
[Site "GER email"]
[Date "2012.??.??"]
[Round "?"]
[White "Zeh, Karl Heinz"]
[Black "Friedrich, Gerhard"]
[Result "1/2-1/2"]
[WhiteElo "2003"]
[BlackElo "2086"]
[PlyCount "37"]
[EventDate "2012.??.??"]
[EventType "tourn (corr)"]
[EventRounds "6"]
[EventCountry "GER"]
[SourceTitle "Corr 2015"]
[Source "ChessBase"]
[SourceDate "2015.07.17"]
[SourceVersion "1"]
[SourceVersionDate "2015.07.17"]
[SourceQuality "1"]

1. Nf3 Nf6 2. c4 c5 3. Nc3 Nc6 4. d4 cxd4 5. Nxd4 g6 6. e4 d6 7. Be2 Nxd4 8. Qxd4 Bg7 9. Be3 0-0 10. Qd2 Qa5 11. f3 Be6 12. 0-0 Rfc8 13. Rac1 a6 14. a3 Rab8 15. Rfd1 Kf8 16. Nd5 Qxd2 17. Rxd2 Nxd5 18. exd5 Bd7 19. b4 1/2-1/2

[Event "GER ML-377 email"]
[Site "GER email"]
[Date "2011.??.??"]
[Round "?"]
[White "Schumacher, Frank"]
[Black "Zeh, Karl Heinz"]
[Result "1/2-1/2"]
[WhiteElo "1914"]
[BlackElo "2038"]
[PlyCount "73"]
[EventDate "2011.??.??"]
[EventType "tourn (corr)"]
[EventRounds "6"]
[EventCountry "GER"]
[SourceTitle "Corr 2015"]
[Source "ChessBase"]
[SourceDate "2015.07.17"]
[SourceVersion "1"]
[SourceVersionDate "2015.07.17"]
[SourceQuality "1"]
[WhiteTeam "Germany"]
[BlackTeam "Germany"]
[WhiteTeamCountry "GER"]
[BlackTeamCountry "GER"]

1. d4 d5 2. c4 c6 3. Nf3 Nf6 4. Nc3 a6 5. e3 Bg4 6. Qb3 b5 7. cxd5 Bxf3 8. gxf3 cxd5 9. Bd2 e6 10. Rc1 Be7 11. Bd3 0-0 12. a4 Nc6 13. Nxd5 Qxd5 14. Qxd5 Nxd5 15. Rxc6 bxa4 16. Ke2 Rfb8 17. Rc2 Nb4 18. Bxb4 Rxb4 19. Ra1 g5 20. Ra2 Kg7 21. Rd2 a3 22. bxa3 Ra4 23. Be4 Ra7 24. Rd3 f5 25. Bc6 Rc4 26. d5 exd5 27. Bxd5 Rh4 28. Be6 Kf6 29. Bc8 Rc7 30. Bxa6 Rxh2 31. Rb2 Rc1 32. Rb6+ Kg7 33. Rd2 Rhh1 34. Rb7 Kf6 35. a4 h5 36. Rb6+ Kg7 37. a5 1/2-1/2

[Event "GER ML-370 email"]
[Site "GER email"]
[Date "2010.??.??"]
[Round "?"]
[White "Kocks, Friedhelm"]
[Black "Zeh, Karl Heinz"]
[Result "1/2-1/2"]
[WhiteElo "2104"]
[BlackElo "2065"]
[PlyCount "83"]
[EventDate "2010.??.??"]
[EventType "team-tourn (corr)"]
[EventRounds "6"]
[EventCountry "GER"]
[SourceTitle "Corr 2015"]
[Source "ChessBase"]
[SourceDate "2015.07.17"]
[SourceVersion "1"]
[SourceVersionDate "2015.07.17"]
[SourceQuality "1"]
[WhiteTeam "Germany"]
[BlackTeam "Germany"]
[WhiteTeamCountry "GER"]
[BlackTeamCountry "GER"]

1. e4 c5 2. Nf3 Nc6 3. Nc3 e5 4. Bc4 Be7 5. d3 d6 6. Nd2 Bg5 7. h4 Bh6 8. Qh5 g6 9. Qd1 Nf6 10. Nf1 Bxc1 11. Qxc1 Be6 12. Ne3 Qd7 13. Ncd5 Bxd5 14. Nxd5 Nxd5 15. Bxd5 0-0-0 16. Qe3 f5 17. 0-0-0 f4 18. Qe2 Nd4 19. Qd2 h6 20. c3 Nc6 21. Qe2 Rdf8 22. Kb1 Kb8 23. Rd2 Ne7 24. Bc4 Nc6 25. Bb5 Rc8 26. Rdd1 Rhf8 27. Rc1 Qe6 28. Bc4 Qd7 29. Qf3 a6 30. Qd1 Ka7 31. Qb3 Na5 32. Qc2 Nc6 33. Qa4 Rb8 34. Bd5 Rbc8 35. Qb3 Na5 36. Qc2 Nc6 37. Qa4 b5 38. Qb3 Na5 39. Qc2 Nc6 40. a3 Ne7 41. Bb3 Nc6 42. Qd2 1/2-1/2

[Event "GER ML-373 email"]
[Site "GER email"]
[Date "2010.??.??"]
[Round "?"]
[White "Mayer, Johann"]
[Black "Zeh, Karl Heinz"]
[Result "1/2-1/2"]
[WhiteElo "1994"]
[BlackElo "2065"]
[PlyCount "65"]
[EventDate "2010.??.??"]
[EventType "team-tourn (corr)"]
[EventRounds "6"]
[EventCountry "GER"]
[SourceTitle "Corr 2015"]
[Source "ChessBase"]
[SourceDate "2015.07.17"]
[SourceVersion "1"]
[SourceVersionDate "2015.07.17"]
[SourceQuality "1"]
[WhiteTeam "Germany"]
[BlackTeam "Germany"]
[WhiteTeamCountry "GER"]
[BlackTeamCountry "GER"]

1. e4 c5 2. Nf3 Nc6 3. d4 cxd4 4. Nxd4 Nf6 5. Nc3 e5 6. Ndb5 d6 7. Bg5 a6 8. Na3 b5 9. Nd5 Be7 10. Bxf6 Bxf6 11. c3 Ne7 12. Nxf6+ gxf6 13. Nc2 Bb7 14. Bd3 d5 15. exd5 Qxd5 16. Ne3 Qc5 17. Qc2 Nd5 18. Nxd5 Qxd5 19. f3 0-0-0 20. Rd1 Qc5 21. Qf2 Qxf2+ 22. Kxf2 Bd5 23. Ke3 Kc7 24. Bc2 h5 25. g3 Be6 26. Rxd8 Rxd8 27. Rd1 Rg8 28. Bb3 a5 29. Rd2 f5 30. Bxe6 fxe6 31. Kf2 Kc6 32. Re2 Kd5 33. Rd2+ 1/2-1/2

[Event "GER ML-366 email"]
[Site "GER email"]
[Date "2009.??.??"]
[Round "?"]
[White "Zeh, Karl Heinz"]
[Black "Mayer, Johann"]
[Result "1/2-1/2"]
[WhiteElo "2065"]
[BlackElo "1927"]
[PlyCount "66"]
[EventDate "2009.??.??"]
[EventType "tourn (corr)"]
[EventRounds "6"]
[EventCountry "GER"]
[SourceTitle "Corr 2020"]
[Source "ChessBase"]
[SourceDate "2019.09.30"]
[SourceVersion "1"]
[SourceVersionDate "2019.09.30"]
[SourceQuality "1"]

1. Nf3 Nf6 2. b3 g6 3. Bb2 Bg7 4. e3 0-0 5. c4 c5 6. Nc3 Nc6 7. Be2 d5 8. Nxd5 Nxd5 9. Bxg7 Kxg7 10. cxd5 Qxd5 11. 0-0 b6 12. Bc4 Qd6 13. d4 cxd4 14. Nxd4 Nxd4 15. exd4 Bb7 16. Qe2 Qxd4 17. Qxe7 Bxg2 18. Kxg2 b5 19. Bxb5 Qd5+ 20. Kg1 Qxb5 21. Qe3 Rfe8 22. Qc3+ Kg8 23. Rfe1 Re2 24. a4 Qg5+ 25. Qg3 Qd2 26. Red1 Qb2 27. Qf3 Rae8 28. Rab1 Qe5 29. Rd7 Re7 30. Rbd1 Qg5+ 31. Kf1 R2e5 32. Rxe7 Qxe7 33. Qc3 a5 1/2-1/2

[Event "GER-ch40 V06 email"]
[Site "GER email"]
[Date "2008.??.??"]
[Round "?"]
[White "Bellmann, Herbert"]
[Black "Zeh, Karl Heinz"]
[Result "1-0"]
[WhiteElo "2252"]
[BlackElo "2065"]
[PlyCount "77"]
[EventDate "2008.??.??"]
[EventType "tourn (corr)"]
[EventRounds "10"]
[EventCountry "GER"]
[SourceTitle "Corr 2011"]
[Source "ChessBase"]
[SourceDate "2010.08.31"]
[SourceVersion "1"]
[SourceVersionDate "2010.08.31"]
[SourceQuality "1"]

1. c4 c6 2. e4 d5 3. exd5 cxd5 4. d4 Nf6 5. Nc3 g6 6. Qb3 Bg7 7. cxd5 0-0 8. Be2 Nbd7 9. Bf3 Nb6 10. Nge2 Bf5 11. 0-0 Qd7 12. Re1 Bd3 13. d6 Bc4 14. Qb4 exd6 15. Bf4 Rfd8 16. Bg5 Re8 17. b3 Bxe2 18. Rxe2 Rxe2 19. Nxe2 Nbd5 20. Qd2 Re8 21. Ng3 Nc7 22. Bxb7 Ne6 23. Bf3 Nxd4 24. Qxd4 Ne4 25. Qxg7+ Kxg7 26. Bxe4 Qb5 27. Be3 Qa5 28. Bf3 Kg8 29. Nf1 Rd8 30. h3 Qa3 31. Bd5 Qa5 32. Rd1 Qxa2 33. Bh6 Qe2 34. Ne3 Qh5 35. Ng4 Qf5 36. Kh2 Kh8 37. Be3 Rf8 38. Bc4 h5 39. Rd5 1-0

[Event "GER-ch40 V06 email"]
[Site "GER email"]
[Date "2008.??.??"]
[Round "?"]
[White "Hildebrand, Gerald"]
[Black "Zeh, Karl Heinz"]
[Result "1/2-1/2"]
[WhiteElo "2193"]
[BlackElo "2065"]
[PlyCount "79"]
[EventDate "2008.??.??"]
[EventType "tourn (corr)"]
[EventRounds "10"]
[EventCountry "GER"]
[SourceTitle "Corr 2011"]
[Source "ChessBase"]
[SourceDate "2010.08.31"]
[SourceVersion "1"]
[SourceVersionDate "2010.08.31"]
[SourceQuality "1"]

1. d4 d5 2. c4 c6 3. Nc3 dxc4 4. e3 b5 5. a4 b4 6. Na2 e6 7. Bxc4 Nf6 8. Nf3 Bb7 9. 0-0 Be7 10. b3 0-0 11. Bb2 a5 12. Nc1 Nbd7 13. Nd3 c5 14. Qe2 Qb6 15. Bb5 Rfc8 16. Nd2 cxd4 17. Bxd4 Qd8 18. Rac1 Rxc1 19. Rxc1 Ne4 20. Nxe4 Bxe4 21. Qg4 Bg6 22. Qf3 Nf6 23. Bb6 Qb8 24. Bc7 Qf8 25. Qb7 Nd5 26. Ne5 Nc3 27. Kf1 Bc5 28. Nxg6 hxg6 29. Be5 Qc8 30. Qxc8+ Rxc8 31. Bxc3 bxc3 32. Rxc3 g5 33. Ke2 Kf8 34. Kf3 Ke7 35. Kg4 Kf6 36. h3 Rc7 37. Rc1 Bd6 38. Bc4 Bb4 39. Rd1 Rc6 40. Kf3 1/2-1/2

[Event "GER-ch40 V06 email"]
[Site "GER email"]
[Date "2008.??.??"]
[Round "?"]
[White "Zeh, Karl Heinz"]
[Black "Leupold, Volker"]
[Result "1/2-1/2"]
[WhiteElo "2065"]
[BlackElo "2041"]
[PlyCount "60"]
[EventDate "2008.??.??"]
[EventType "tourn (corr)"]
[EventRounds "10"]
[EventCountry "GER"]
[SourceTitle "Corr 2011"]
[Source "ChessBase"]
[SourceDate "2010.08.31"]
[SourceVersion "1"]
[SourceVersionDate "2010.08.31"]
[SourceQuality "1"]

1. Nf3 d5 2. b3 Nf6 3. Bb2 g6 4. e3 Bg7 5. c4 0-0 6. cxd5 Qxd5 7. Nc3 Qa5 8. Rc1 Be6 9. Na4 c6 10. Nc5 Bc8 11. a3 Nbd7 12. b4 Qc7 13. Nb3 Re8 14. d4 Nd5 15. Bc4 N5b6 16. Be2 e5 17. b5 Rb8 18. 0-0 e4 19. Nfd2 Nd5 20. bxc6 bxc6 21. Qc2 a5 22. Nc4 a4 23. Nbd2 Ba6 24. Rfe1 f5 25. Qxa4 Bb5 26. Qc2 Qa7 27. Ba1 Bf8 28. Qa2 Nb4 29. Qb1 Nd5 30. Qa2 Nb4 1/2-1/2

[Event "GER-ch40 V06 email"]
[Site "GER email"]
[Date "2008.??.??"]
[Round "?"]
[White "Zeh, Karl Heinz"]
[Black "Loeffler, Werner"]
[Result "0-1"]
[WhiteElo "2065"]
[BlackElo "2111"]
[PlyCount "68"]
[EventDate "2008.??.??"]
[EventType "tourn (corr)"]
[EventRounds "10"]
[EventCountry "GER"]
[SourceTitle "Corr 2011"]
[Source "ChessBase"]
[SourceDate "2010.08.31"]
[SourceVersion "1"]
[SourceVersionDate "2010.08.31"]
[SourceQuality "1"]

1. Nf3 c5 2. b3 d5 3. e3 Nf6 4. Bb2 e6 5. Ne5 Bd6 6. f4 0-0 7. Bd3 Nc6 8. 0-0 Nb4 9. Be2 Nd7 10. c3 Nc6 11. Nxc6 bxc6 12. c4 Ba6 13. Rf3 f5 14. Rh3 d4 15. Na3 e5 16. Nc2 Re8 17. fxe5 Bxe5 18. exd4 cxd4 19. Nb4 Qb6 20. Nd3 Bd6 21. Rc1 Rad8 22. Bf3 Nc5 23. Nxc5 Bxc5 24. Qf1 Bc8 25. Qd3 Re5 26. a3 a5 27. Kf1 Be7 28. Qb1 Bf6 29. Kg1 g6 30. Rf1 f4 31. g4 c5 32. b4 axb4 33. axb4 cxb4 34. Bd5+ Rdxd5 0-1

[Event "GER-ch37 V7 email"]
[Site "GER email"]
[Date "2006.10.21"]
[Round "?"]
[White "Vorwerk, Horst"]
[Black "Zeh, Karl Heinz"]
[Result "1/2-1/2"]
[WhiteElo "2204"]
[BlackElo "2054"]
[PlyCount "50"]
[EventDate "2006.??.??"]
[EventType "tourn (corr)"]
[EventRounds "10"]
[EventCountry "GER"]
[SourceTitle "Corr 2008"]
[Source "ChessBase"]
[SourceDate "2008.06.24"]
[SourceVersion "1"]
[SourceVersionDate "2008.06.24"]
[SourceQuality "1"]

1. d4 d5 2. c4 c6 3. Nf3 Nf6 4. Nc3 dxc4 5. a4 Bf5 6. e3 e6 7. Bxc4 Bb4 8. 0-0 Nbd7 9. Qb3 a5 10. Na2 Be7 11. Nh4 Be4 12. Nc3 Nb6 13. Be2 0-0 14. Nf3 Nbd5 15. Nxe4 Nxe4 16. Qxb7 Nb4 17. Ne5 Rc8 18. f4 Bf6 19. Qd7 Qb6 20. Nxf7 Rc7 21. Qxe6 Re7 22. Nh6+ Kh8 23. Nf7+ Kg8 24. Nh6+ Kh8 25. Nf7+ Kg8 1/2-1/2

[Event "GER-ch37 V7 email"]
[Site "GER email"]
[Date "2006.10.21"]
[Round "?"]
[White "Zeh, Karl Heinz"]
[Black "Zimmermann, Falk"]
[Result "1-0"]
[WhiteElo "2054"]
[BlackElo "2024"]
[PlyCount "119"]
[EventDate "2006.??.??"]
[EventType "tourn (corr)"]
[EventRounds "10"]
[EventCountry "GER"]
[SourceTitle "Corr 2008"]
[Source "ChessBase"]
[SourceDate "2008.06.24"]
[SourceVersion "1"]
[SourceVersionDate "2008.06.24"]
[SourceQuality "1"]

1. b3 e5 2. Bb2 Nc6 3. e3 d5 4. Bb5 e4 5. Ne2 Qg5 6. c4 a6 7. Bxc6+ bxc6 8. Ng3 h5 9. h4 Qg6 10. Qc2 Bd6 11. cxd5 Bxg3 12. fxg3 Qxg3+ 13. Kf1 Ne7 14. Nc3 Bf5 15. Ne2 Qg6 16. Nf4 Qd6 17. dxc6 f6 18. Rc1 Rb8 19. Bd4 Nd5 20. Nxd5 Qxd5 21. Kf2 0-0 22. Qc5 Be6 23. Qxd5 Bxd5 24. Rc5 Rb5 25. Rxb5 axb5 26. Rc1 Kf7 27. Rc5 Ke6 28. Rxb5 Ra8 29. a4 Kd6 30. a5 Kxc6 31. Rc5+ Kd6 32. b4 c6 33. Rc1 Ke6 34. Kg3 Kf5 35. Rf1+ Ke6 36. Kf4 Bc4 37. Ra1 Bd3 38. Rc1 Rc8 39. Ra1 Ra8 40. g4 hxg4 41. h5 g3 42. Kxg3 Be2 43. Rc1 Kd7 44. Kf4 Rh8 45. Rg1 Rxh5 46. Rxg7+ Ke6 47. Rg6 Kd5 48. Rxf6 Rh4+ 49. Kg3 Rg4+ 50. Kf2 Bc4 51. Bc5 Bb5 52. Rf8 Rg7 53. Ra8 Rf7+ 54. Kg3 Rg7+ 55. Kf4 Rf7+ 56. Kg5 Rf2 57. a6 Bxa6 58. Rxa6 Rxd2 59. Ra8 Rf2 60. Rf8 1-0

[Event "GER-ch37 V7 email"]
[Site "GER email"]
[Date "2006.10.15"]
[Round "?"]
[White "Zeh, Karl Heinz"]
[Black "Meyer, Klaus Dieter"]
[Result "0-1"]
[WhiteElo "2054"]
[BlackElo "2256"]
[PlyCount "114"]
[EventDate "2006.??.??"]
[EventType "tourn (corr)"]
[EventRounds "10"]
[EventCountry "GER"]
[SourceTitle "Corr 2008"]
[Source "ChessBase"]
[SourceDate "2008.06.24"]
[SourceVersion "1"]
[SourceVersionDate "2008.06.24"]
[SourceQuality "1"]

1. b3 e5 2. Bb2 Nc6 3. e3 d5 4. Bb5 Bd6 5. c4 Nge7 6. Nf3 0-0 7. Bxc6 Nxc6 8. cxd5 Nb4 9. d3 Nxd5 10. Nxe5 Re8 11. d4 Nb4 12. a3 Bxe5 13. axb4 Bd6 14. Nc3 Qh4 15. Qd3 Bd7 16. b5 Re6 17. g3 Qh3 18. Qf1 Qf5 19. Qc4 Rae8 20. Rxa7 Qh3 21. Qf1 Qh6 22. Kd2 Rf6 23. Ba3 Bh3 24. Qe1 Bg2 25. Rg1 Qxh2 26. Kc1 Bxa3+ 27. Rxa3 Bf3 28. Qf1 Rb6 29. Kb2 c6 30. bxc6 Rxc6 31. d5 Rf6 32. Ka1 b5 33. b4 Rb6 34. Ra2 Rbb8 35. Qb1 Qh5 36. Qd3 Rec8 37. Rb1 Qe5 38. Rb3 Rc4 39. Ra5 Be4 40. Qd2 Bf5 41. Kb2 Qf6 42. f4 Bd7 43. Ra7 Rd8 44. Ka2 Qb6 45. Rba3 Rxb4 46. R3a6 Qb8 47. Qd3 Qc8 48. e4 h5 49. f5 Qc5 50. Ra8 Bc8 51. R6a7 Rf8 52. Ra3 Qf2+ 53. Ne2 Re8 54. Rc3 Kh7 55. Qe3 Qf1 56. Rc1 Qg2 57. Rg1 Qh2 0-1

[Event "GER-ch26 V08 corr"]
[Site "GER corr"]
[Date "1996.??.??"]
[Round "?"]
[White "Zeh, Karl Heinz"]
[Black "Loeffler, Werner"]
[Result "0-1"]
[WhiteElo "2054"]
[BlackElo "2048"]
[PlyCount "112"]
[EventDate "1996.??.??"]
[EventType "tourn (corr)"]
[EventRounds "10"]
[EventCountry "GER"]
[SourceTitle "Corr 2011"]
[Source "ChessBase"]
[SourceDate "2010.08.31"]
[SourceVersion "1"]
[SourceVersionDate "2010.08.31"]
[SourceQuality "1"]

1. Nf3 c5 2. g3 Nc6 3. Bg2 d5 4. 0-0 Nf6 5. d3 e6 6. Nbd2 Bd6 7. e4 0-0 8. Re1 Qc7 9. c3 b6 10. Qe2 dxe4 11. Nxe4 Nxe4 12. Qxe4 f5 13. Qc4 Rb8 14. Ng5 Nd8 15. f4 b5 16. Qb3 Re8 17. Be3 Bb7 18. Bxb7 Rxb7 19. d4 c4 20. Qd1 Qc6 21. Bf2 Ree7 22. a3 h6 23. Nf3 Nf7 24. Be3 a5 25. Qe2 Re8 26. Rad1 Bb8 27. Nd2 Nd6 28. Rc1 Rd7 29. Bf2 g5 30. fxg5 hxg5 31. Qf3 Qxf3 32. Nxf3 Nf7 33. Be3 g4 34. Nh4 Kg7 35. a4 Rb7 36. d5 Ne5 37. Bd4 Kf6 38. Re2 bxa4 39. Rf1 Rb5 40. dxe6 Kxe6 41. Rxf5 Bd6 42. Rf1 Kd7 43. Kh1 Nf3 44. Rc2 Ne1 45. Rcf2 Nd3 46. Rf7+ Re7 47. R7f6 Re2 48. Nf5 Bc7 49. Rf7+ Kc8 50. Rf8+ Kb7 51. Rf7 Rbxb2 52. Bg1 Ne5 53. Re7 Nf3 54. Nd6+ Kc6 55. Rxe2 Rxe2 56. Nxc4 a3 0-1